Hannover SprintH-Linien - Statistiken

Allgemein
  • Dieses Quiz wurde 13 mal gespielt
  • Das Durchschnittsergebnis liegt bei 60 aus 220
Antwortstatistiken
Linie Haltestellen % Korrekt
300 | 500 | 700 Hauptbahnhof/Rosenstraße
92%
300 | 500 | 700 | 900 Hauptbahnhof/ZOB
92%
900 Hauptbahnhof/Ernst-August-Platz
83%
400 Neustadt/Bahnhof(ZOB)
83%
500 Gehrden/Steintor
75%
300 | 500 Schwarzer Bär
75%
300 | 500 | 700 Steintor
75%
900 Burgdorf/Bahnhof
67%
300 | 500 | 700 Goetheplatz
67%
600 Großburgwedel/Bahnhof
67%
300 Hemmingen
67%
700 Seelze/Bahnhof
67%
800 Sehnde/Bahnhof
67%
500 Weetzen/Bahnhof/Westseite
67%
300 | 500 Deisterplatz/Allerweg
58%
300 Hemmingen/Zentrum
58%
300 | 500 Humboldtstraße
58%
600 Langenhagen/Zentrum
58%
700 Lohnde/Zentrum
58%
300 Pattensen/ZOB
58%
700 Am Küchengarten
50%
500 Deisterplatz/Bornumer Straße
50%
300 Dragonerstraße
50%
300 Göttinger Straße
50%
700 Leinaustraße
50%
300 Pattensen/Briefzentrum
50%
700 Tegtmeyerallee
50%
700 Tegtmeyerstraße
50%
500 Wettbergen
50%
700 Wunstorfer Straße
50%
300 Arnum/Mitte
42%
500 Canarisweg
42%
800 Kröpcke
42%
700 Letter/Kastanienplatz
42%
700 Letter/Klöcknerstraße
42%
700 Letter/Kurze Wanne
42%
700 Martin-Luther-Kirche
42%
500 Nenndorfer Chaussee
42%
700 Seelze/Alter Krug
42%
700 Seelze/Honeywell
42%
300 Welfenstraße
42%
700 Willy-Spahn-Park
42%
900 Zoo
42%
700 Zum Buchengarten
42%
800 Aegidientorplatz
33%
900 Altwarmbüchen/Opelstraße
33%
500 Am Großmarkt
33%
700 Dedensen/Uhlenbrauk
33%
500 Gehrden/Katholische Kirche
33%
300 Hemmingen/Saarstraße
33%
600 Langenhagen/Schulzentrum
33%
700 Lohnde/Krumme Masch
33%
700 Lohnde/Lohnder Straße
33%
900 Noltemeyerbrücke
33%
900 Paracelsusweg
33%
700 Seelze/Bredenbeeke
33%
700 Steinfeldstraße
33%
300 Vahrenwalder Platz
33%
300 Werderstraße
33%
400 Wissenschaftspark Marienwerder
33%
800 Altenbekener Damm
25%
800 Anderten
25%
800 An der Tiefenriede
25%
800 Bahnhof Bismarckstraße
25%
400 Bordenau/Forst
25%
800 Bünteweg/Lange-Hop-Straße
25%
800 Bünteweg/Tierärztliche Hochschule
25%
700 Dedensen/Bruchstraße
25%
700 Dedensen/Forstamtsstraße
25%
700 Dedensen/Luther Straße
25%
800 Dolgen
25%
800 Evern
25%
500 Gehrden/Franzburger Straße
25%
500 Gehrden/Lange-Feld-Straße
25%
500 Gehrden/Nordfeld
25%
500 Gehrden/Ronnenberger Straße
25%
600 Großburgwedel/Krankenhaus
25%
800 Großer Hillen
25%
700 Gümmer/Graseweg
25%
700 Gümmer/Vorm Walde
25%
700 Gümmer/Westfalenstraße
25%
800 Haimar/Backhausplatz
25%
800 Kinderkrankenhaus auf der Bult
25%
800 Kleiner Hillen
25%
900 Königstraße
25%
800 Köthenwald
25%
600 Langenhagen/Im Gehäge
25%
600 Langenhagen/Wasserwelt
25%
700 Letter/Damaschkestraße
25%
700 Letter/Lilienweg
25%
900 Lister Turm
25%
700 Lohnde/Hafenstraße
25%
800 Machsee/Altenbekener Damm
25%
800 Maschsee/Funkhaus
25%
800 Maschsee/Sprengel Museum
25%
800 Mehrum/Ortsmitte
25%
800 Menschingstraße/Kinderkrankenhaus
25%
900 Neues Haus
25%
800 Ostfeldstraße
25%
800 Rathaus/Bleichenstraße
25%
500 Ronnenberg/Lange Reihe
25%
700 Seelze/Beethovenstraße
25%
700 Seelze/Obentrautdenkmal
25%
700 Seelze/Ulmenstraße
25%
800 Sehnde/Schulzentrum (B65)
25%
800 Sehnde/Waldstraße
25%
900 Thielenplatz/Schauspielhaus
25%
800 Tiergarten
25%
800 Zuschlagstraße
25%
900 Altwarmbüchen/Am Walde
17%
900 Altwarmbüchen/Friedhof
17%
800 An der Schleuse
17%
300 Arnum/Mühlenweg
17%
400 Berenbostel/Melanchthonstraße
17%
400 Berenbostel/Weberstraße
17%
900 Burgdorf/Bahnhofstraße
17%
400 Frielingen/Denkmal
17%
400 Frielingen/Mühlenweg
17%
500 Gehrden/Beethovenring
17%
500 Gehrden/Lemmier Straße
17%
600 Großburgwedel/Am Markt
17%
600 Großburgwedel/von-Alten-Straße
17%
800 Haimar/Schladweg
17%
400 Horst/Kirche
17%
800 Höver/Brunnenstraße
17%
900 Kirchhorst/Gewerbegebiet
17%
800 Königsberger Ring
17%
600 Langenhagen/Elia-Kirche
17%
600 Langenhagen/Pferderennbahn
17%
600 Langenhagen/Theodor-Heuss-Straße
17%
500 Ronnenberg/Ihmer Tor
17%
800 Sehnde/Zuckerfabriksweg
17%
900 Stelle/Mühlenweg
17%
800 Stresemannallee
17%
800 Sudetenstraße
17%
800 Tierärztliche Hochschule/Westfalenhof
17%
900 Altwarmbüchen/Bothfelder Straße
8%
900 Altwarmbüchen/Seestraße
8%
400 Am Heidehaus
8%
300 Arnum/Astrid-Lindgren-Straße
8%
400 Berenbostel/Birkenweg
8%
400 Berenbostel/Blumenstraße
8%
400 Berenbostel/Langenhagener Straße
8%
400 Berenbostel/Nelkenstraße
8%
400 Berenbostel/Robert-Hesse-Straße
8%
800 Bilm/Am Wischhof
8%
800 Bilm/Freienstraße
8%
400 Bordenau/Am Leineufer
8%
400 Bordenau/Birkenweg
8%
400 Bordenau/Dammkrug
8%
400 Bordenau/Frielinger Straße
8%
400 Bordenau/Lohkamp
8%
400 Bordenau/Schule
8%
900 Burgdorf/Mönkeburgstraße
8%
700 Dedensen/Raiffeisenweg
8%
400 Frielingen/Bordenauer Straße
8%
400 Frielingen/Brinkwiesen
8%
500 Gehrden/Dammtor
8%
600 Großburgwedel/Am Schützenplatz
8%
600 Großburgwedel/Isernhägener Straße
8%
400 Horst/Im Kornacker
8%
400 Horst/Mühlenstraße
8%
400 Horst/Vor der Höhe
8%
800 Höver/Güldenbuschweg
8%
800 Höver/Petersweg
8%
800 Ilten/Mühlenfeld
8%
600 Isernhagen HB/Einkaufszentrum
8%
600 Isernhagen NB/Fuhrbleek
8%
900 Kirchhorst/Großhorst
8%
900 Kirchhorst/Neuwarmbüchener Straße
8%
800 Kleiner Holzhägen
8%
600 Langenhagen/Grenzheide
8%
600 Langenhagen/Stadtwaldweg
8%
400 Meyenfeld/Erlenweg
8%
400 Meyenfeld/Im Bleeke
8%
400 Meyenfeld/Leistlinger Straße
8%
400 Neustadt/Gewerbegebiet Ost
8%
400 Neustadt/Herzog-Erich-Allee
8%
400 Neustadt/Mecklenhorster Straße
8%
300 Pattensen/Koldinger Straße
8%
800 Rethmar/Bode-Ring
8%
800 Rethmar/Triftstraße
8%
800 Rethmar/Vor dem Dorf
8%
800 Rutenbergstraße
8%
800 Sehnde/Haydnstraße
8%
900 Stelle/Moorstraße
8%
300 Arnum/Pattenser Feldweg
0%
900 Beinhorn
0%
600 Großburgwedel/In der Meineworth
0%
600 Großburgwedel/Pappelweg
0%
900 Heeßel/Heisterkampsweg
0%
900 Heeßel/Kolshorner Weg
0%
800 Höver/Gretlande
0%
600 Isernhagen HB/An der Beeke
0%
600 Isernhagen HB/Brandriede
0%
600 Isernhagen HB/Industriestraße
0%
600 Isernhagen HB/Wietzepark
0%
600 Isernhagen KB/Hagenstraße
0%
600 Isernhagen NB/Auf dem Windmühlenberg
0%
600 Isernhagen NB/Milchstraße
0%
600 Isernhagen NB/Samlandstraße
0%
900 Kirchhorst/Blumenhof
0%
300 Pattensen/Ludwig-Erhard-Straße
0%
300 Pattensen/Schöneberger Straße
0%
300 Pattensen/Walter-Bruch-Straße
0%
500 Ronnenberg/Friedrich-Ebert-Straße
0%
500 Ronnenberg/Normannische Straße
0%
900 Stelle/Stadtgut
0%
Keine übereinstimmenden Quizze gefunden
Verteilung der Resultate
Anzahl Personen mit jedem Resultat
Perzentil nach korrekt beantworteten Fragen
Ihre Resultats-Entwicklung
Sie haben dieses Quiz noch nicht gespielt